[Event "Rottach Egern Seniors Cup 13th"]
[Site "Rottach Egern"]
[Date "2025.04.02"]
[Round "5"]
[White "Oechslein, Rainer"]
[Black "Nikolov, Jordan"]
[Result "1-0"]
[WhiteElo "2070"]
[BlackElo "1968"]
[PlyCount "63"]
[EventDate "2025.03.29"]
[EventType "swiss"]
[EventRounds "9"]
[EventCountry "GER"]
[SourceTitle "CB16_2025"]
[SourceDate "2025.04.16"]
[SourceVersion "1"]
[SourceVersionDate "2025.04.16"]
[SourceQuality "1"]

1. e4 e5 2. Nf3 Nc6 3. d3 Nf6 4. Be2 d5 5. Nbd2 Be7 6. 0-0 0-0 7. Re1 Re8 8. c3 h6 9. Qc2 Bf8 10. Nf1 a6 11. h3 g6 12. Ng3 Bg7 13. a4 a5 14. Bf1 Be6 15. Bd2 Nd7 16. b4 b6 17. b5 Ncb8 18. d4 c5 19. c4 dxe4 20. Qxe4 cxd4 21. Qxa8 f5 22. Rad1 Bf7 23. Bc1 Nc5 24. Bxh6 Bf6 25. h4 e4 26. Ng5 Bxg5 27. Bxg5 Qd6 28. Ne2 Nd3 29. Bf4 Qb4 30. Rb1 Qxc4 31. Nc1 Qc3 32. Nxd3 1-0

[Event "Rottach Egern Seniors Cup 11th"]
[Site "Rottach Egern"]
[Date "2023.04.16"]
[Round "2"]
[White "Nikolov, Jordan"]
[Black "Leser, Alfred"]
[Result "1-0"]
[WhiteElo "1967"]
[BlackElo "1700"]
[PlyCount "153"]
[EventDate "2023.04.15"]
[EventType "swiss"]
[EventRounds "9"]
[EventCountry "GER"]
[SourceTitle "EXT 2024"]
[Source "ChessBase"]
[SourceDate "2023.10.10"]
[SourceVersion "1"]
[SourceVersionDate "2023.10.10"]
[SourceQuality "1"]

1. e4 c5 2. c3 e6 3. d4 cxd4 4. cxd4 Bb4+ 5. Nc3 Ne7 6. Nf3 0-0 7. Bd3 d5 8. e5 Nbc6 9. 0-0 Nf5 10. Bc2 Qa5 11. Bxf5 exf5 12. Ne2 Be6 13. Qd3 Be7 14. a3 Qd8 15. b4 Qd7 16. Bd2 Rfc8 17. Rfc1 Nd8 18. Be3 h6 19. Nd2 Rxc1+ 20. Rxc1 Rc8 21. Rxc8 Qxc8 22. Qb3 b6 23. Nc3 Qd7 24. f4 Nb7 25. Nd1 b5 26. Nf2 a5 27. Nd3 a4 28. Qc3 Qc8 29. Nc5 Nd8 30. Qd3 Qb8 31. Nb1 Nc6 32. Bf2 Na7 33. Nc3 Qb6 34. Nd1 Qc6 35. Qf3 Nc8 36. Qc3 Nb6 37. Nxe6 Qxe6 38. Qc7 Kh7 39. Nc3 Qc8 40. Qxc8 Nxc8 41. Nxb5 Nb6 42. Nc3 g5 43. g3 g4 44. Kf1 h5 45. Ke2 Kg6 46. Be1 h4 47. gxh4 Kh5 48. Bg3 Bxh4 49. Kd3 Be7 50. Kc2 Kg6 51. Kd3 Kg7 52. Be1 Kg6 53. Nd1 Kh5 54. Ne3 Kg6 55. Kc3 Bf8 56. Bg3 Be7 57. Kc2 Bd8 58. Kd3 Be7 59. Be1 Bd8 60. Nd1 Be7 61. Nc3 Kh5 62. Nb5 Kg6 63. Nc7 Bd8 64. Na6 Be7 65. Nc5 Bd8 66. b5 Be7 67. Kc3 Kh5 68. Kb4 f6 69. Ka5 Nc4+ 70. Ka6 fxe5 71. fxe5 Nxe5 72. dxe5 Bxc5 73. b6 Bxb6 74. Kxb6 d4 75. e6 Kg6 76. Kc6 f4 77. Kd7 1-0

[Event "BUL-chT 64th"]
[Site "Sunny Beach"]
[Date "2015.06.05"]
[Round "6.3"]
[White "Nikolov, Sasho"]
[Black "Nikolov, Jordan"]
[Result "1-0"]
[WhiteElo "2353"]
[BlackElo "2067"]
[PlyCount "67"]
[EventDate "2015.05.31"]
[EventType "team-tourn"]
[EventRounds "7"]
[EventCountry "BUL"]
[SourceTitle "CBM 166 Extra"]
[Source "ChessBase"]
[SourceDate "2015.06.18"]
[SourceVersion "1"]
[SourceVersionDate "2015.06.18"]
[SourceQuality "1"]
[WhiteTeam "Dupnitsa Marek Union"]
[BlackTeam "Pernik Yuriy Benderev"]
[WhiteTeamCountry "BUL"]
[BlackTeamCountry "BUL"]

1. d4 e6 2. c4 Nf6 3. Nc3 Bb4 4. e3 0-0 5. Bd3 c5 6. Nf3 d5 7. 0-0 cxd4 8. exd4 dxc4 9. Bxc4 Bxc3 10. bxc3 Qc7 11. Bd3 Nbd7 12. Bg5 b6 13. Rc1 Bb7 14. Re1 Rac8 15. Bh4 Qb8 16. Nd2 Qa8 17. f3 Rfe8 18. Nc4 Rc6 19. Ne3 Rec8 20. Qd2 a6 21. a4 Qa7 22. Bf2 Rd8 23. c4 Rcc8 24. a5 bxa5 25. d5 Nc5 26. Bc2 Qb6 27. Rb1 Qc7 28. Bg3 e5 29. Nf5 Ne6 30. Bxe5 Qc5+ 31. Kh1 Bxd5 32. Bxf6 gxf6 33. Qh6 Qc7 34. Ne7+ 1-0

[Event "BUL-chT 64th"]
[Site "Sunny Beach"]
[Date "2015.06.04"]
[Round "5.2"]
[White "Nikolov, Jordan"]
[Black "Petkov, Vladimir"]
[Result "0-1"]
[WhiteElo "2067"]
[BlackElo "2525"]
[PlyCount "129"]
[EventDate "2015.05.31"]
[EventType "team-tourn"]
[EventRounds "7"]
[EventCountry "BUL"]
[SourceTitle "CBM 166 Extra"]
[Source "ChessBase"]
[SourceDate "2015.06.18"]
[SourceVersion "1"]
[SourceVersionDate "2015.06.18"]
[SourceQuality "1"]
[WhiteTeam "Pernik Yuriy Benderev"]
[BlackTeam "Plovdiv Lokomotiv"]
[WhiteTeamCountry "BUL"]
[BlackTeamCountry "BUL"]

1. e4 c5 2. Nf3 d6 3. Bb5+ Nc6 4. 0-0 Bd7 5. c3 Nf6 6. Re1 a6 7. Ba4 b5 8. Bc2 Bg4 9. h3 Bxf3 10. Qxf3 g6 11. a4 Rc8 12. axb5 axb5 13. Qe2 Qb6 14. d3 Bg7 15. Nd2 0-0 16. Nf1 Ra8 17. Bg5 h6 18. Be3 b4 19. Qd2 Kh7 20. d4 b3 21. Rxa8 Rxa8 22. Bb1 cxd4 23. cxd4 Nd7 24. e5 Qa5 25. f4 e6 26. Rc1 Nb4 27. Qc3 Qa4 28. Qc4 Nb6 29. Qc7 Qa7 30. Qxd6 N6d5 31. Qc5 Qb7 32. Qc4 Na2 33. Qc6 Qa7 34. Rd1 Rd8 35. Qc4 Qb7 36. Qe2 Bf8 37. Nd2 Qb6 38. Ne4 Nab4 39. Kh2 Na2 40. Bg1 Qc6 41. Qf3 Kg7 42. Nf6 Qc4 43. Nxd5 Rxd5 44. Qd3 Qa4 45. Rd2 Nb4 46. Qc3 Na2 47. Qe3 Nb4 48. Be4 Rd7 49. Qf3 Be7 50. Bf2 Rc7 51. d5 exd5 52. Bxd5 Nxd5 53. Rxd5 Rc4 54. Be3 Qc6 55. Kg3 h5 56. Rd3 h4+ 57. Kf2 Rc2+ 58. Rd2 Qc4 59. Kg1 Bc5 60. Kh2 Rxd2 61. Bxd2 Bd4 62. f5 Bxe5+ 63. Kh1 Qc2 64. Bf4 Qb1+ 65. Kh2 0-1

[Event "BUL-chT 64th"]
[Site "Sunny Beach"]
[Date "2015.05.31"]
[Round "1.2"]
[White "Dimitrov, Radoslav"]
[Black "Nikolov, Jordan"]
[Result "1-0"]
[WhiteElo "2467"]
[BlackElo "2067"]
[PlyCount "60"]
[EventDate "2015.05.31"]
[EventType "team-tourn"]
[EventRounds "7"]
[EventCountry "BUL"]
[SourceTitle "CBM 166 Extra"]
[Source "ChessBase"]
[SourceDate "2015.06.18"]
[SourceVersion "1"]
[SourceVersionDate "2015.06.18"]
[SourceQuality "1"]
[WhiteTeam "Radnevo Maritsa Iztok"]
[BlackTeam "Pernik Yuriy Benderev"]
[WhiteTeamCountry "BUL"]
[BlackTeamCountry "BUL"]

1. c4 e6 2. Nf3 Nf6 3. g3 d5 4. Bg2 Be7 5. 0-0 0-0 6. d4 c6 7. Nc3 b6 8. Ne5 Bb7 9. e4 dxc4 10. Nxc4 Ba6 11. b3 b5 12. Ne5 b4 13. Ne2 Nfd7 14. Nd3 Bb5 15. Be3 a5 16. Rc1 Na6 17. d5 cxd5 18. exd5 exd5 19. Nd4 Bxd3 20. Nc6 Qe8 21. Qxd3 Nf6 22. Bg5 Nc5 23. Nxe7+ Qxe7 24. Bxf6 Nxd3 25. Bxe7 Nxc1 26. Rxc1 Rac8 27. Rd1 Rfe8 28. Bg5 h6 29. Be3 Rc2 30. Rxd5 Rxa2 1-0

[Event "BUL-chT 64th"]
[Site "Sunny Beach"]
[Date "2014.09.21"]
[Round "3.2"]
[White "Inkiov, Ventzislav"]
[Black "Nikolov, Jordan"]
[Result "1-0"]
[WhiteElo "2435"]
[BlackElo "2042"]
[PlyCount "65"]
[EventDate "2014.09.19"]
[EventType "team-tourn"]
[EventRounds "7"]
[EventCountry "BUL"]
[SourceTitle "CBM 162 Extra"]
[Source "ChessBase"]
[SourceDate "2014.10.17"]
[SourceVersion "1"]
[SourceVersionDate "2014.10.17"]
[SourceQuality "1"]
[WhiteTeam "Dupnitsa Marek Union"]
[BlackTeam "Pernik Yuriy Benderev"]
[WhiteTeamCountry "BUL"]
[BlackTeamCountry "BUL"]

1. e4 e6 2. d4 d5 3. e5 c5 4. c3 Nc6 5. Nf3 Bd7 6. Be2 f6 7. 0-0 fxe5 8. Nxe5 Nxe5 9. dxe5 Qc7 10. c4 d4 11. Bf4 0-0-0 12. Nd2 Bc6 13. Bd3 g5 14. Bg3 h5 15. h3 g4 16. h4 Nh6 17. Qc2 Be7 18. a3 Rdf8 19. b4 Qd8 20. b5 Be8 21. Ne4 Nf5 22. Nf6 Nxg3 23. fxg3 Bxf6 24. exf6 Rxf6 25. Qe2 Rhf8 26. Rxf6 Rxf6 27. Qe5 Qe7 28. Re1 Qf8 29. a4 Bg6 30. Bxg6 Rxg6 31. a5 Qf5 32. Qh8+ Kc7 33. Rf1 1-0

[Event "BUL-ch sf 78th"]
[Site "Plovdiv"]
[Date "2014.02.15"]
[Round "8"]
[White "Ninov, Dayan"]
[Black "Nikolov, Jordan"]
[Result "1-0"]
[WhiteElo "2241"]
[BlackElo "2038"]
[PlyCount "71"]
[EventDate "2014.02.10"]
[EventType "swiss"]
[EventRounds "9"]
[EventCountry "BUL"]
[SourceTitle "CBM 158 Extra"]
[Source "ChessBase"]
[SourceDate "2014.02.28"]
[SourceVersion "1"]
[SourceVersionDate "2014.02.28"]
[SourceQuality "1"]

1. a3 d5 2. Nf3 Bg4 3. Ne5 Bf5 4. c4 f6 5. Nf3 d4 6. d3 e5 7. g3 c5 8. e3 Nc6 9. exd4 exd4 10. Bg2 Qe7+ 11. Kf1 Qd7 12. Nh4 Bg4 13. Qe1+ Nge7 14. h3 Be6 15. Nd2 Ne5 16. Qe2 0-0-0 17. b4 N7c6 18. b5 Ne7 19. Nhf3 N7g6 20. Nxe5 Nxe5 21. a4 Bd6 22. a5 Bf5 23. Ne4 Rhe8 24. a6 b6 25. f4 Nf7 26. Nxd6+ Nxd6 27. Qf3 Qc7 28. g4 Re3 29. Qa8+ Kd7 30. Qc6+ Qxc6 31. Bxc6+ Ke7 32. gxf5 Rxd3 33. Ke2 Rc3 34. Bd2 Rxc4 35. Kd3 Kf8 36. Rhe1 1-0

[Event "BUL-ch sf 78th"]
[Site "Plovdiv"]
[Date "2014.02.13"]
[Round "5"]
[White "Nikolov, Jordan"]
[Black "Popchev, Milko"]
[Result "1-0"]
[WhiteElo "2038"]
[BlackElo "2417"]
[PlyCount "49"]
[EventDate "2014.02.10"]
[EventType "swiss"]
[EventRounds "9"]
[EventCountry "BUL"]
[SourceTitle "CBM 158 Extra"]
[Source "ChessBase"]
[SourceDate "2014.02.28"]
[SourceVersion "1"]
[SourceVersionDate "2014.02.28"]
[SourceQuality "1"]

1. e4 e5 2. Nf3 Nc6 3. Bc4 d6 4. c3 g6 5. d4 exd4 6. cxd4 Bg7 7. h3 Nf6 8. Nc3 0-0 9. 0-0 Nxe4 10. Nxe4 d5 11. Bg5 f6 12. Nxf6+ Bxf6 13. Bxf6 Rxf6 14. Bb5 Ne7 15. Re1 c6 16. Bd3 Nf5 17. Bxf5 Bxf5 18. Re3 Qd6 19. Qd2 Raf8 20. Ne5 Be6 21. f3 Kg7 22. Qa5 a6 23. Rae1 Bg8 24. Qb6 Rb8 25. Nd7 1-0

[Event "BUL-ch sf 78th"]
[Site "Plovdiv"]
[Date "2014.02.12"]
[Round "3"]
[White "Nikolov, Jordan"]
[Black "Kazakov, Danail"]
[Result "1-0"]
[WhiteElo "2038"]
[BlackElo "1883"]
[PlyCount "75"]
[EventDate "2014.02.10"]
[EventType "swiss"]
[EventRounds "9"]
[EventCountry "BUL"]
[SourceTitle "CBM 158 Extra"]
[Source "ChessBase"]
[SourceDate "2014.02.28"]
[SourceVersion "1"]
[SourceVersionDate "2014.02.28"]
[SourceQuality "1"]

1. e4 c5 2. Nf3 Nc6 3. c3 d6 4. d4 a6 5. d5 Nb8 6. c4 e5 7. dxe6 Bxe6 8. Nc3 Nc6 9. h3 Be7 10. Be3 Ne5 11. b3 Bf6 12. Nxe5 Bxe5 13. Rc1 Nf6 14. Bd3 0-0 15. 0-0 Ne8 16. Qd2 g6 17. f4 Bg7 18. Rfd1 Bd7 19. e5 Bc6 20. Be4 Qd7 21. Bxc6 Qxc6 22. Qd5 Qxd5 23. Nxd5 dxe5 24. Bxc5 exf4 25. Bxf8 Kxf8 26. Nxf4 Bh6 27. Rf1 Ng7 28. Rcd1 Re8 29. Rd7 Nf5 30. Nd5 Bg5 31. g4 Nh6 32. Rxb7 Re2 33. Rf2 Re1+ 34. Kg2 Bh4 35. Rc2 Ng8 36. c5 Re5 37. Nb6 h5 38. Nd7+ 1-0

[Event "Plovdiv Tringov Memorial 36th"]
[Site "Plovdiv"]
[Date "2014.02.03"]
[Round "2"]
[White "Nikolov, Sasho"]
[Black "Nikolov, Jordan"]
[Result "1-0"]
[WhiteElo "2365"]
[BlackElo "2038"]
[PlyCount "106"]
[EventDate "2014.02.02"]
[EventType "swiss"]
[EventRounds "9"]
[EventCountry "BUL"]
[SourceTitle "CBM 158 Extra"]
[Source "ChessBase"]
[SourceDate "2014.02.28"]
[SourceVersion "1"]
[SourceVersionDate "2014.02.28"]
[SourceQuality "1"]

1. e4 e6 2. d4 d5 3. Nc3 Nf6 4. e5 Nfd7 5. f4 c5 6. Nf3 Nc6 7. Ne2 Qb6 8. c3 cxd4 9. Nexd4 Bc5 10. Be2 0-0 11. 0-0 f6 12. Kh1 Re8 13. Bd3 g6 14. exf6 Nxf6 15. Qe2 Bxd4 16. cxd4 Bd7 17. Bd2 Rac8 18. Rad1 a6 19. Ne5 Na7 20. Nxd7 Nxd7 21. Be1 Nb5 22. Bf2 Nd6 23. Bg1 Nf6 24. Rf3 Nde4 25. Rh3 Rc6 26. Re3 Qc7 27. Rf3 Rc1 28. Rxc1 Qxc1 29. Rf1 Qc6 30. Be3 Rc8 31. g3 Qd7 32. Kg2 Rc6 33. Re1 Nd6 34. Bd2 Nde4 35. Ba5 h5 36. Qf3 Qc8 37. Re2 Kf7 38. Be1 Qc7 39. h3 Qb6 40. Qe3 Qc7 41. Kf3 Qd7 42. Rg2 Nd6 43. g4 hxg4+ 44. hxg4 Nfe4 45. Rh2 Kg7 46. Kg2 Kg8 47. Bb4 Nc4 48. Qe2 Rb6 49. a3 Qc6 50. Kf3 a5 51. Bxc4 axb4 52. a4 Qxc4 53. Qxc4 dxc4 1-0

[Event "BUL-chT GpB 63rd"]
[Site "Sunny Beach"]
[Date "2013.09.22"]
[Round "6.3"]
[White "Kamenov, Valentin"]
[Black "Nikolov, Jordan"]
[Result "0-1"]
[WhiteElo "1842"]
[BlackElo "2047"]
[PlyCount "72"]
[EventDate "2013.09.19"]
[EventType "team-tourn"]
[EventRounds "9"]
[EventCountry "BUL"]
[SourceTitle "CBM 156 Extra"]
[Source "ChessBase"]
[SourceDate "2013.10.22"]
[SourceVersion "1"]
[SourceVersionDate "2013.10.22"]
[SourceQuality "1"]
[WhiteTeam "Vratsa"]
[BlackTeam "Pernik Yuriy Benderev"]
[WhiteTeamCountry "BUL"]
[BlackTeamCountry "BUL"]

1. e4 c5 2. Nf3 Nc6 3. d4 cxd4 4. Nxd4 Nf6 5. Nc3 e5 6. Nf5 d5 7. exd5 Bxf5 8. dxc6 bxc6 9. Qf3 Qc8 10. Bc4 Bb4 11. 0-0 0-0 12. Bb3 a5 13. Bg5 Bxc3 14. Bxf6 Bxb2 15. Qg3 Bg6 16. Bxe5 Bxa1 17. Bxa1 Kh8 18. h4 Qf5 19. Qc3 f6 20. a4 Qg4 21. Qxc6 Qxh4 22. f4 Rfe8 23. Be6 Bxc2 24. Bd7 Be4 25. Qc7 Red8 26. Rf2 Qg3 27. Bb2 Qd3 28. Bg4 Qd6 29. Qc4 Qb4 30. Qf7 Qb7 31. Qc4 Bd5 32. Qf1 Qb4 33. Qa1 Qd6 34. Ba3 Qb6 35. Be2 Rac8 36. Bg4 Rc2 0-1

[Event "BUL-ch sf 77th"]
[Site "Plovdiv"]
[Date "2013.02.11"]
[Round "1"]
[White "Shomoev, Anton"]
[Black "Nikolov, Jordan"]
[Result "1-0"]
[WhiteElo "2403"]
[BlackElo "2092"]
[PlyCount "57"]
[EventDate "2013.02.11"]
[EventType "swiss (rapid)"]
[EventRounds "9"]
[EventCountry "BUL"]
[SourceTitle "CBM 152 Extra"]
[Source "ChessBase"]
[SourceDate "2013.02.25"]
[SourceVersion "1"]
[SourceVersionDate "2013.02.25"]
[SourceQuality "1"]

1. c4 c6 2. Nc3 d5 3. e3 Nf6 4. Nf3 e6 5. b3 Nbd7 6. Bb2 Be7 7. d4 0-0 8. Bd3 b6 9. 0-0 Bb7 10. Qe2 c5 11. cxd5 exd5 12. Ne5 Rc8 13. Rac1 Re8 14. Bb5 cxd4 15. exd4 Bd6 16. f4 Re7 17. Qf3 Nf8 18. Bd3 a6 19. Bf5 Ne6 20. Qh3 g6 21. Bg4 Nxg4 22. Nxg4 Rec7 23. f5 Ng5 24. Qd3 Qe7 25. Qd2 Ne4 26. Nxe4 dxe4 27. Rxc7 Qxc7 28. fxg6 fxg6 29. d5 1-0

[Event "Plovdiv Tringov Memorial 35th"]
[Site "Plovdiv"]
[Date "2013.02.04"]
[Round "2"]
[White "Nikolov, Jordan"]
[Black "Dvirnyy, Danyyil"]
[Result "0-1"]
[WhiteElo "2092"]
[BlackElo "2536"]
[PlyCount "85"]
[EventDate "2013.02.03"]
[EventType "swiss"]
[EventRounds "9"]
[EventCountry "BUL"]
[SourceTitle "CBM 152 Extra"]
[Source "ChessBase"]
[SourceDate "2013.02.25"]
[SourceVersion "1"]
[SourceVersionDate "2013.02.25"]
[SourceQuality "1"]

1. e4 c5 2. c3 d6 3. d4 Qc7 4. Nf3 Nf6 5. Bd3 g6 6. 0-0 Bg7 7. h3 0-0 8. Nbd2 a6 9. a4 b6 10. Re1 Bb7 11. d5 Nbd7 12. c4 e6 13. Qc2 Rae8 14. Nf1 exd5 15. cxd5 Ne5 16. Nxe5 Rxe5 17. Bf4 Re7 18. Ne3 b5 19. axb5 axb5 20. Bxb5 Rxe4 21. Bg5 Rd4 22. Bxf6 Bxf6 23. Bc4 h5 24. Qb3 Rd2 25. Re2 Rxe2 26. Bxe2 Bd4 27. Ra7 Bxd5 28. Qa3 Qc6 29. Ra6 Qe8 30. Rxd6 Be6 31. b4 Qc8 32. b5 Qb8 33. Ra6 Rd8 34. Qa5 Bxe3 35. fxe3 Re8 36. b6 Qg3 37. Bf3 Bd5 38. Bxd5 Qxe3+ 39. Kf1 Qd3+ 40. Kf2 Re2+ 41. Kg1 Qe3+ 42. Kh1 Re1+ 43. Kh2 0-1

[Event "BUL-chT-B 62nd"]
[Site "Sunny Beach"]
[Date "2012.09.21"]
[Round "3.4"]
[White "Raev, Rostislav"]
[Black "Nikolov, Jordan"]
[Result "1-0"]
[WhiteElo "2240"]
[BlackElo "2067"]
[PlyCount "55"]
[EventDate "2012.09.19"]
[EventType "team-swiss"]
[EventRounds "7"]
[EventCountry "BUL"]
[SourceTitle "CBM 150 Extra"]
[Source "ChessBase"]
[SourceDate "2012.10.19"]
[SourceVersion "1"]
[SourceVersionDate "2012.10.19"]
[SourceQuality "1"]
[WhiteTeam "Shabla Harmoniya"]
[BlackTeam "Pernik Yuriy Benderev"]
[WhiteTeamCountry "BUL"]
[BlackTeamCountry "BUL"]

1. d4 d5 2. c4 c6 3. Nf3 Nf6 4. Nc3 a6 5. e3 b5 6. cxd5 cxd5 7. h3 e6 8. Bd3 Bb7 9. 0-0 Nbd7 10. Bd2 Bd6 11. Ne2 0-0 12. Qb3 Qe7 13. Rfc1 Rfc8 14. a4 b4 15. a5 Ne4 16. Rxc8+ Rxc8 17. Bxb4 Bxb4 18. Ra4 Bxa5 19. Qxb7 Rb8 20. Qxa6 Bc7 21. Qc6 Nb6 22. Ra6 Nd6 23. Ne5 f6 24. Nd7 Qxd7 25. Rxb6 Qd8 26. Rxb8 Qxb8 27. Nf4 Nc4 28. Qxe6+ 1-0

[Event "Kesarovski Georgiev Memorial 11th"]
[Site "Sunny Beach"]
[Date "2012.09.05"]
[Round "5"]
[White "Nikolov, Jordan"]
[Black "Orev, Petar"]
[Result "1/2-1/2"]
[WhiteElo "2067"]
[BlackElo "2206"]
[PlyCount "111"]
[EventDate "2012.09.01"]
[EventType "swiss"]
[EventRounds "9"]
[EventCountry "BUL"]
[SourceTitle "CBM 150 Extra"]
[Source "ChessBase"]
[SourceDate "2012.10.19"]
[SourceVersion "1"]
[SourceVersionDate "2012.10.19"]
[SourceQuality "1"]

1. e4 Nc6 2. Nf3 Nf6 3. e5 Nd5 4. d4 d6 5. Bc4 Nb6 6. Bb5 Bg4 7. h3 Bxf3 8. Qxf3 d5 9. a4 e6 10. c3 Nd7 11. 0-0 f5 12. exf6 Qxf6 13. Qg4 Bd6 14. Re1 Nf8 15. a5 h5 16. Qe2 a6 17. Ba4 Kf7 18. Bxc6 bxc6 19. Nd2 g6 20. Nf3 Nh7 21. c4 Rhe8 22. c5 Bf4 23. Bxf4 Qxf4 24. Qe5 g5 25. Qxf4+ gxf4 26. Ne5+ Kf6 27. Nxc6 Ng5 28. Ra3 h4 29. f3 Nf7 30. Rb3 e5 31. Rb7 exd4 32. Rxe8 Rxe8 33. Nxd4 Re1+ 34. Kf2 Rd1 35. Ne2 Kf5 36. Rb4 Ne5 37. Rxf4+ Ke6 38. Rxh4 Nd3+ 39. Ke3 Nxc5 40. Rh6+ Kd7 41. Nc3 d4+ 42. Ke2 Rg1 43. Ne4 d3+ 44. Ke3 Re1+ 45. Kd2 Re2+ 46. Kd1 Na4 47. b3 Nb2+ 48. Kc1 Rc2+ 49. Kb1 Rxg2 50. Rxa6 d2 51. Nxd2 Rxd2 52. Rg6 Nd3 53. Ka1 c5 54. a6 Nb4 55. a7 Ra2+ 56. Kb1 1/2-1/2